000 00635nam a2200241Ia 4500
003 OSt
005 20220918210554.0
006 a|||||r|||| 00| 0
007 ta
008 220917b |||||||| |||| 00| 0 eng d
024 _a121,053
037 _cTextual
040 _aARTS
_cARTS
_beng
041 _2eng
_aeng
082 _aV73:2:N0, G0
100 _aBeard Charles A
245 0 _aAmerican leviathan
_b the republic in the machine age
260 _c1930
650 _aHISTORY
700 _a Beard Willam
_9118650
942 _hV73:2:N0, G0
_cTEXL
_2CC
999 _c244282
_d244282